Gaming Quiz

Random Gaming or Nintendo Quiz

Invisible Pokemon Generation 3 Quiz Stats

 Plays Quiz not verified by Sporcle

Challenge
Share
Tweet
Embed
Score 0/135 Timer 10:00
0 Plays Today
Pokemon % Correct
Treecko
94.2%
Torchic
93.8%
Mudkip
93.8%
Grovyle
92.1%
Blaziken
92.1%
Swampert
91.7%
Combusken
90.8%
Sceptile
90.4%
Marshtomp
89.6%
Groudon
89.6%
Kyogre
89.2%
Rayquaza
87.9%
Zigzagoon
86.7%
Poochyena
85.8%
Mightyena
85.4%
Linoone
85%
Cascoon
84.6%
Swellow
84.6%
Silcoon
84.2%
Electrike
84.2%
Beautifly
83.8%
Salamence
83.3%
Wurmple
83.3%
Dustox
83.3%
Taillow
83.3%
Bagon
83.3%
Regice
83.3%
Registeel
83.3%
Regirock
82.9%
Makuhita
82.5%
Manectric
82.5%
Shelgon
82.1%
Hariyama
81.7%
Jirachi
81.7%
Latios
80.8%
Latias
80.8%
Sharpedo
80.4%
Numel
80.4%
Camerupt
80%
Shuppet
80%
Seedot
79.6%
Ralts
79.6%
Wailord
79.6%
Tropius
79.6%
Deoxys
79.6%
Pokemon % Correct
Slakoth
79.2%
Slaking
79.2%
Trapinch
79.2%
Milotic
79.2%
Dusclops
79.2%
Nuzleaf
78.8%
Wailmer
78.8%
Flygon
78.8%
Feebas
78.8%
Duskull
78.8%
Spheal
78.8%
Shiftry
78.3%
Vibrava
78.3%
Banette
78.3%
Kirlia
77.9%
Lunatone
77.9%
Clamperl
77.9%
Ludicolo
77.5%
Gardevoir
77.5%
Vigoroth
77.5%
Solrock
77.5%
Lotad
77.1%
Skitty
77.1%
Carvanha
77.1%
Torkoal
77.1%
Walrein
77.1%
Wingull
76.7%
Delcatty
76.7%
Plusle
76.7%
Minun
76.7%
Gorebyss
76.7%
Metang
76.7%
Metagross
76.7%
Exploud
76.3%
Lombre
75.8%
Pelipper
75.8%
Whismur
75.8%
Altaria
75.8%
Sealeo
75.8%
Beldum
75.8%
Loudred
75.4%
Huntail
75.4%
Sableye
75%
Aron
74.6%
Swablu
74.6%
Pokemon % Correct
Absol
74.2%
Breloom
73.8%
Aggron
73.8%
Spinda
73.8%
Seviper
73.8%
Relicanth
73.8%
Shroomish
73.3%
Lairon
72.9%
Kecleon
72.9%
Luvdisc
72.9%
Mawile
72.5%
Cacnea
72.1%
Cacturne
72.1%
Lileep
72.1%
Zangoose
71.7%
Medicham
71.3%
Cradily
71.3%
Anorith
71.3%
Nosepass
70.8%
Meditite
70.8%
Surskit
70.4%
Roselia
70.4%
Chimecho
70.4%
Gulpin
70%
Armaldo
70%
Castform
70%
Glalie
70%
Azurill
69.6%
Illumise
69.2%
Volbeat
68.8%
Swalot
68.8%
Masquerain
68.3%
Nincada
68.3%
Ninjask
68.3%
Baltoy
68.3%
Snorunt
68.3%
Shedinja
67.9%
Claydol
67.9%
Spoink
65%
Grumpig
65%
Corphish
65%
Crawdaunt
65%
Wynaut
64.6%
Barboach
63.3%
Whiscash
62.9%

You're not logged in!

Compare scores with friends on all Sporcle quizzes.
OR
Log In

You Might Also Like...

Show Comments

Extras

Top Quizzes Today


Score Distribution

Your Account Isn't Verified!

In order to create a playlist on Sporcle, you need to verify the email address you used during registration. Go to your Sporcle Settings to finish the process.

Report this User

Report this user for behavior that violates our Community Guidelines.

Details: